Kleinstadtnovelle : (Record no. 193300)

MARC details
000 -LEADER
campo de control de longitud fija 02610nam a2200421 i 4500
001 - NÚMERO DE CONTROL
campo de control 193300
003 - IDENTIFICADOR DE NÚMERO DE CONTROL
campo de control SpMaBN
005 - FECHA Y HORA DE LA ÚLTIMA TRANSACCIÓN
campo de control 20250712063137.0
007 - CAMPO FIJO DE DESCRIPCIÓN FÍSICA--INFORMACIÓN GENERAL
campo de control de longitud fija ta
008 - DATOS DE LONGITUD FIJA--INFORMACIÓN GENERAL
campo de control de longitud fija 231031s2019 sp | |||| 000 f spa
017 ## - NÚMERO DE COPYRIGHT O DE DEPÓSITO LEGAL
Número de copyright o de depósito legal M 22662-2019
Agencia que asigna Oficina Depósito Legal Madrid
020 ## - NÚMERO INTERNACIONAL ESTÁNDAR DEL LIBRO
Número Internacional Estándar del Libro 9788416529766
035 ## - NÚMERO DE CONTROL DEL SISTEMA
Número de control de sistema (OCoLC)1142870528
035 ## - NÚMERO DE CONTROL DEL SISTEMA
Número de control de sistema a6655259
040 ## - FUENTE DE CATALOGACIÓN
Centro catalogador/agencia de origen SpMaBN
Lengua de catalogación spa
Centro/agencia transcriptor SpMaBN
Normas de descripción rda
Centro/agencia modificador ES-MaACL
080 ## - NÚMERO DE LA CLASIFICACIÓN DECIMAL UNIVERSAL
Número de la Clasificación Decimal Universal 821.112.2-31"19"
100 1# - ENTRADA PRINCIPAL--NOMBRE DE PERSONA
Nombre de persona Schernikau, Ronald M.,
Fechas asociadas al nombre 1960-1991
Término indicativo de función/relación Autor
9 (RLIN) 234432
245 10 - MENCIÓN DEL TÍTULO
Título Kleinstadtnovelle :
Resto del título relato de provincias /
Mención de responsabilidad, etc. Ronald M. Shernikau ; traducción de Carlos Fortea
250 ## - MENCION DE EDICION
Mención de edición Primera edición: septiembre 2019
264 #1 - PRODUCCIÓN, PUBLICACIÓN, DISTRIBUCIÓN, FABRICACIÓN Y COPYRIGHT
Producción, publicación, distribución, fabricación y copyright [Madrid] :
Nombre del de productor, editor, distribuidor, fabricante Gallo Nero,
Fecha de producción, publicación, distribución, fabricación o copyright 2019
300 ## - DESCRIPCIÓN FÍSICA
Extensión 79 páginas ;
Dimensiones 19 cm
336 ## - TIPO DE CONTENIDO
Término de tipo de contenido Texto
Fuente rdacontent
337 ## - TIPO DE MEDIO
Nombre/término del tipo de medio sin mediación
Fuente rdamedia
338 ## - TIPO DE SOPORTE
Nombre/término del tipo de soporte volumen
Fuente rdacarrier
490 1# - MENCIÓN DE SERIE
Mención de serie Narrativas Gallo Nero ;
Designación de volumen o secuencia 56
520 ## - RESUMEN, ETC.
Sumario, etc. «Me acerco al futuro. estación zoo, el final, ¿un hermoso comienzo, un montón de mierda la capacidad de buscar, la voluntad de formar parte de una subcultura?»<br/><br/>Publicada por primera vez en 1980 en una Alemania todavía dividida, Kleinstadtnovelle conquistó a toda una nación convirtiéndose rápidamente en un libro de culto y en un clásico de la literatura gay. Su autor, Ronald M. Schernikau, la escribió con diecinueve años y es imposible no detectar en ella un fuerte elemento autobiográfico.<br/><br/>El protagonista, b., alter ego del autor, relata con pasión y vehemencia su rebeldía y la afirmación de su identidad sexual. Schernikau escribe con la fuerza emocional de quien intenta liberarse a sí mismo a través de la escritura, y lo hace de una forma instintiva y visceral. Su novela es un grito urgente y desesperado. El flujo de consciencia es ininterrumpido, nervioso y sin mayúsculas, colocándose así más allá de la gramática y también de las reglas y los prejuicios sociales.
655 #7 - TERMINO DE INDIZACIÓN--GENERO/FORMA
9 (RLIN) 175819
Datos o término principal de género/forma Novelas autobiográficas
700 1# - ENTRADA AGREGADA--NOMBRE PERSONAL
Nombre de persona Fortea, Carlos,
Fechas asociadas al nombre 1963-
Término indicativo de función/relación Traductor
9 (RLIN) 51844
830 ## - PUNTO DE ACCESO ADICIONAL DE SERIE-TÍTULO UNIFORME
Título uniforme Narrativas Gallo Nero
9 (RLIN) 234433
852 ## - LOCALIZACIÓN
Ubicación ES-MaACL
Sublocalización o colección R.154716
Ubicación en estantería Depósito J
Número de control de estantería N-9490
Donativo/Legado Donación: Carlos Fortea
itemnumber 200740
Encuadernación Encuadernación rústica con solapas
Nota libre Incluye marcapáginas con la fotografía de la cubierta
903 ## - NOMBRE PERSONAL DE DONANTE
a Fortea, Carlos,
d 1963-
e Donante
9 51844
942 ## - ELEMENTOS DE ENTRADA SECUNDARIOS (KOHA)
Suprimir en OPAC No
Tipo de ítem Koha Libro impreso
Holdings
Estatus retirado Estado de pérdida Fuente del sistema de clasificación o colocación Estado de daño No para préstamo Biblioteca de origen Biblioteca actual Ubicación en estantería Fecha de adquisición Fuente de adquisición Número de control de estantería Total de préstamos Signatura topográfica completa Código de barras Visto por última vez Tipo de ítem Koha
    Clasificación decimal universal     Biblioteca del Ateneo de Madrid Biblioteca del Ateneo de Madrid Depósito J 31/10/2023 Donación Ateneísta   N-9490 101206029 31/10/2023 Libro impreso